000 00432nam a2200157 i 4500
001 145824
003 ES-MaACL
005 20230906201327.0
007 t|
008 071017s1972 sp ||||1| spa d
100 1 _aVergés, Salvador.
_9114112
245 1 0 _aDimensión social del amor /
_cSalvador Vergés, S.J.
260 _aBilbao :
_bMensajero,
_c[1972]
300 _a116 p. ;
_c18 cm.
852 _aES-MaACL
_jC-52668
_bR.83190
999 _c145824
_d145824